प्रकृति,कविता अवं आर्थिक विकास: (Record no. 201428)

MARC details
000 -LEADER
fixed length control field 00687nam a22001817a 4500
005 - DATE AND TIME OF LATEST TRANSACTION
control field 20240313121500.0
010 ## - LCCN (DPL NO)
LC control number HIN-127075
020 ## - INTERNATIONAL STANDARD BOOK NUMBER
International Standard Book Number 9789390692903
Terms of availability 750.00
035 ## - SYSTEM CONTROL NUMBER
System control number HN-99421
037 ## - SOURCE OF ACQUISITION
Source of stock number/acquisition DBAD/PUB
082 ## - DEWEY DECIMAL CLASSIFICATION NUMBER
Classification number 821
100 ## - MAIN ENTRY--PERSONAL NAME
Personal name पूनम
245 ## - TITLE STATEMENT
Title प्रकृति,कविता अवं आर्थिक विकास:
Remainder of title कविता संग्रह/
Statement of responsibility, etc पूनम द्वारा लिखित
260 ## - PUBLICATION, DISTRIBUTION, ETC. (IMPRINT)
Place of publication, distribution, etc New Delhi
Name of publisher, distributor, etc Mittal Pblication
Date of publication, distribution, etc 2022
270 ## - ADDRESS
Address 4594/9 daryaganj
City New Delhi
Postal code 110002
300 ## - PHYSICAL DESCRIPTION
Extent 219पृष्ठ;
Dimensions 23सेमी(सजिल्द)
942 ## - ADDED ENTRY ELEMENTS (KOHA)
Source of classification or shelving scheme Dewey Decimal Classification
Item type Hindi Books
Classification part 821
Call number suffix पूनम
Holdings
Withdrawn status Lost status Not for loan Collection code Home library Current library Date acquired Source of acquisition Cost, normal purchase price Full call number Barcode Copy number Cost, replacement price Koha item type
      Non-fiction Tri Nagar Tri Nagar 12/03/2024 DBAD/PUB 750.00 821 पूनम HN-99421 1 750.00 Hindi Books

© Delhi Public Library
Hit Counter
free hit counter